[Event "WA Class - E Section"]
[Site "Redmond, WA"]
[Date "2008.11.29"]
[Round "4"]
[White "Mitchell, Jason"]
[Black "Gottumukkala, Abhinav"]
[Result "0-1"]
[WhiteElo "263"]
[BlackElo "476"]
[PlyCount "92"]
[EventDate "2008.11.30"]
[EventCountry "USA"]
[Source "Bulletin"]
[SourceDate "2009.02.10"]

1. d4 d5 2. Nc3 Nf6 3. Nf3 Nc6 4. Bg5 Bf5 5. e3 Nb4 6. Bb5+ c6 7. Ba4 h6 8. Bf4
b5 9. Bb3 e6 10. Ne5 Bd6 11. Nf3 Bxf4 12. exf4 O-O 13. Qd2 Nh5 14. g3 Bh3 15.
O-O-O Bg2 16. Rhe1 Bxf3 17. Ne2 a5 18. Qc3 a4 19. Qxb4 axb3 20. Qxb3 Qa5 21. a3
Bxe2 22. Rxe2 b4 23. Rd3 Ra6 24. f5 exf5 25. Re5 bxa3 26. bxa3 Rfa8 27. Rxf5 g6
28. Rff3 Qe1+ 29. Rd1 Qa5 30. Qb7 Qxa3+ 31. Kd2 c5 32. Qxf7+ Kh8 33. Re1 R6a7
34. Re8+ Rxe8 35. Qxe8+ Kg7 36. Qe6 Qa2 37. Kd1 Qa1+ 38. Ke2 Qxd4 39. Qb6 Qe5+
40. Re3 Qa1 41. Qxc5 Qa6+ 42. c4 dxc4 43. g4 c3+ 44. Rd3 c2 45. Qxc2 Nf4+ 46.
Ke3 Nxd3 0-1

[Event "WA Class - E Section"]
[Site "Redmond, WA"]
[Date "2008.11.29"]
[Round "3"]
[White "Schuhmacher, Don"]
[Black "Aguilar, Henry"]
[Result "1-0"]
[WhiteElo "827"]
[BlackElo "989"]
[PlyCount "61"]
[EventDate "2008.11.30"]
[EventCountry "USA"]
[Source "Bulletin"]
[SourceDate "2009.02.10"]

1. Nf3 g6 2. g3 Bg7 3. Bg2 e5 4. d3 d6 5. O-O Bf5 6. e4 Bg4 7. Be3 Bxf3 8. Bxf3
Nc6 9. Nc3 Nf6 10. Qd2 h6 11. Nd5 Qd7 12. Bg2 Nxd5 13. exd5 Nd4 14. Bxd4 exd4
15. Rae1+ Kd8 16. Re4 Re8 17. Rfe1 Rxe4 18. Rxe4 Rc8 19. Qe2 c6 20. Rf4 Be5 21.
Rh4 h5 22. Bh3 Qc7 23. Bxc8 Kxc8 24. Qf3 c5 25. g4 Qe7 26. Rh3 Qg5 27. Qd1 hxg4
28. Rh7 f5 29. Qe1 f4 30. Qa5 Kb8 31. Qc7+ 1-0

[Event "WA Class - E Section"]
[Site "Redmond, WA"]
[Date "2008.11.28"]
[Round "2"]
[White "Schuhmacher, Don"]
[Black "Gatti, Kyle"]
[Result "1-0"]
[WhiteElo "827"]
[BlackElo "577"]
[PlyCount "92"]
[EventDate "2008.11.30"]
[EventCountry "USA"]
[Source "Bulletin"]
[SourceDate "2009.02.10"]

1. Nf3 e6 2. g3 d5 3. Bg2 f5 4. d4 b6 5. Ne5 Bd6 6. Bf4 Ke7 7. O-O c5 8. Bg5+
Nf6 9. e3 Ba6 10. Re1 h6 11. Ng6+ Kd7 12. Bf4 Re8 13. Ne5+ Bxe5 14. Bxe5 Nc6
15. c3 c4 16. Nd2 Ng4 17. Nf3 Ncxe5 18. dxe5 b5 19. h3 Nxf2 20. Kxf2 Qb6 21.
Nd4 Rf8 22. Qd2 Qd8 23. Kg1 Qg5 24. Kh2 h5 25. Nf3 Qg6 26. Rf1 Bb7 27. Qe2 Rad8
28. Rad1 Kc7 29. Nd4 Rh8 30. Nxb5+ Kb6 31. Nd6 h4 32. g4 Rdf8 33. Rf4 Qg5 34.
Nxb7 Kxb7 35. b3 fxg4 36. Qxg4 Qxe5 37. Qf3 cxb3 38. axb3 Qxc3 39. Rxf8 Qe5+
40. Kh1 Rh5 41. Qf4 Qc3 42. Qb8+ Kc6 43. Qc8+ Kb5 44. Qxc3 d4 45. Qc4+ Kb6 46.
Rb8+ Ka5 1-0

[Event "WA Class - E Section"]
[Site "Redmond, WA"]
[Date "2008.11.30"]
[Round "5"]
[White "Schuhmacher, Don"]
[Black "Mies, J C."]
[Result "1-0"]
[WhiteElo "827"]
[BlackElo "854"]
[PlyCount "91"]
[EventDate "2008.11.30"]
[EventCountry "USA"]
[Source "Bulletin"]
[SourceDate "2009.02.10"]

1. Nf3 Nc6 2. g3 e5 3. d3 d5 4. Bg2 Nf6 5. O-O Bb4 6. Nbd2 Bf5 7. a3 Bd6 8. Re1
Bg6 9. e4 d4 10. c3 Bh5 11. Qa4 Bxf3 12. Nxf3 Bc5 13. Nxe5 O-O 14. Nxc6 bxc6
15. e5 Re8 16. Bxc6 Re6 17. Bg5 Rb8 18. exf6 Rxe1+ 19. Rxe1 gxf6 20. Re8+ Qxe8
21. Bxe8 fxg5 22. Qd7 h6 23. Qxf7+ Kh8 24. b4 Bb6 25. Qf6+ Kg8 26. Bg6 Rf8 27.
Bh7+ Kxh7 28. Qxf8 dxc3 29. Qe7+ Kg6 30. Qe6+ Kh5 31. Qc4 a5 32. Qxc3 axb4 33.
Qxb4 g4 34. a4 Kg5 35. a5 c5 36. Qa4 Ba7 37. Qb5 h5 38. a6 h4 39. Qb7 c4 40.
Qxa7 cxd3 41. Qe3+ Kh5 42. Qxd3 h3 43. a7 Kg5 44. a8=Q Kf6 45. Qdd5 Ke7 46.
Qad8# 1-0

[Event "WA Class - E Section"]
[Site "Redmond, WA"]
[Date "2008.11.29"]
[Round "3"]
[White "Thatcher, Andrew"]
[Black "Mitchell, Jason"]
[Result "1-0"]
[WhiteElo "868"]
[BlackElo "263"]
[PlyCount "35"]
[EventDate "2008.11.30"]
[EventCountry "USA"]
[Source "Bulletin"]
[SourceDate "2009.02.10"]

1. e4 e5 2. Nf3 Nf6 3. d3 Nc6 4. Bg5 Bd6 5. Nc3 Bb4 6. Be2 O-O 7. O-O Be7 8. d4
Nxe4 9. Nxe4 exd4 10. Qd3 d5 11. Bxe7 Qxe7 12. Ng3 Bg4 13. Rfe1 Qe6 14. Nxd4
Nxd4 15. Qxd4 Bxe2 16. Rxe2 Qa6 17. Nf5 g6 18. Qg7# 1-0

[Event "WA Class - E Section"]
[Site "Redmond, WA"]
[Date "2008.11.29"]
[Round "4"]
[White "Thatcher, Sean"]
[Black "Brusniak, Benjamin"]
[Result "1-0"]
[WhiteElo "1036"]
[BlackElo "1078"]
[PlyCount "87"]
[EventDate "2008.11.30"]
[EventCountry "USA"]
[Source "Bulletin"]
[SourceDate "2009.02.10"]

1. d4 d5 2. b3 Nc6 3. Nf3 Bg4 4. e3 Nf6 5. h3 Bf5 6. c4 e6 7. Nh4 Bxb1 8. Rxb1
Ne4 9. Nf3 Nc3 10. Qd3 Nxb1 11. Qxb1 Bb4+ 12. Ke2 O-O 13. h4 Qd6 14. Ng5 f5 15.
f4 h6 16. Nf3 Na5 17. c5 Qe7 18. Qc2 Rac8 19. a3 Bxc5 20. dxc5 Nc6 21. g3 Rfd8
22. Bb2 b6 23. cxb6 cxb6 24. Qd3 Rc7 25. Ne5 Rdc8 26. b4 Nxe5 27. Bxe5 Rc2+ 28.
Kf3 Qf7 29. h5 Qd7 30. Bh3 Qc6 31. Bd4 Rc1 32. Rh2 Qe8 33. g4 R8c7 34. Be5 Rc8
35. Bb2 R1c6 36. Rg2 Qf7 37. Qd4 Rc4 38. Qe5 Re4 39. Qd6 Rec4 40. gxf5 Qxh5+
41. Bg4 Qh1 42. Qxe6+ Kh7 43. Qg6+ Kg8 44. Qxg7# 1-0

[Event "WA Class - E Section"]
[Site "Redmond, WA"]
[Date "2008.11.30"]
[Round "6"]
[White "Thatcher, Sean"]
[Black "Iordanov, Stoyan"]
[Result "0-1"]
[WhiteElo "1036"]
[BlackElo "1142"]
[PlyCount "118"]
[EventDate "2008.11.30"]
[EventCountry "USA"]
[Source "Bulletin"]
[SourceDate "2009.02.10"]

1. d4 Nf6 2. c4 e6 3. a3 d5 4. c5 c6 5. f3 Be7 6. e3 Qc7 7. Bd3 Nh5 8. f4 Nf6
9. Nd2 b6 10. b4 Ba6 11. Qe2 Bxd3 12. Qxd3 b5 13. Ngf3 Nbd7 14. Bb2 Ng4 15. h3
Nh6 16. O-O-O a5 17. Bc3 axb4 18. Bxb4 O-O 19. Rhg1 Nf5 20. g4 Nh4 21. Nxh4
Bxh4 22. g5 f6 23. gxf6 Nxf6 24. Nf3 Ne4 25. Be1 Bxe1 26. Rdxe1 Qa5 27. Ne5 Nf2
28. Qb3 Qxa3+ 29. Kc2 Qa2+ 30. Qb2 Rfb8 31. Rgf1 b4 32. Rxf2 b3+ 33. Kd1 Qa1+
34. Qxa1 Rxa1+ 35. Kd2 Rxe1 36. Nd3 Ra1 37. Kc3 Ra2 38. Nb2 Kf7 39. f5 Ke7 40.
Rf1 Rf8 41. Kxb3 Rxf5 42. Rg1 Rxb2+ 43. Kxb2 Kf6 44. Rg4 h5 45. Rg3 g5 46. Kc2
e5 47. Kd3 e4+ 48. Ke2 h4 49. Rg2 Rf3 50. Rh2 Kf5 51. Rh1 g4 52. hxg4+ Kxg4 53.
Rg1+ Rg3 54. Rh1 h3 55. Rf1 Rg2+ 56. Ke1 Kg3 57. Rh1 h2 58. Kf1 Rg1+ 59. Rxg1+
hxg1=Q+ {remaining moves not recorded} 0-1

[Event "WA Class - E Section"]
[Site "Redmond, WA"]
[Date "2008.11.28"]
[Round "1"]
[White "Thatcher, Sean"]
[Black "Schuhmacher, Don"]
[Result "1-0"]
[WhiteElo "1036"]
[BlackElo "827"]
[PlyCount "93"]
[EventDate "2008.11.30"]
[EventCountry "USA"]
[Source "Bulletin"]
[SourceDate "2009.02.10"]

1. d4 Nf6 2. c4 g6 3. Nc3 Bg7 4. Nf3 O-O 5. e4 d6 6. h3 Nbd7 7. Bd3 c5 8. d5 a6
9. a4 Re8 10. O-O b6 11. Be3 Bb7 12. Qd2 Qc7 13. Bh6 e6 14. Bxg7 Kxg7 15. Rfe1
h6 16. b3 exd5 17. cxd5 Ne5 18. Nxe5 Rxe5 19. f4 Re7 20. g4 Rh8 21. Kg2 Ree8
22. Rf1 Qd8 23. f5 g5 24. Kg3 h5 25. Qxg5+ Kf8 26. Qh4 Nxe4+ 27. Bxe4 Qxh4+ 28.
Kxh4 hxg4+ 29. Kxg4 Rg8+ 30. Kf4 Ke7 31. Ne2 a5 32. Rg1 Rh8 33. Rg3 Kf6 34. Nc3
Ba6 35. Bc2 Rh4+ 36. Rg4 Rxh3 37. Ne4+ Ke7 38. Re1 Reh8 39. Nxc5+ Kf6 40. Nxa6
Rc3 41. Bd1 Rh5 42. Re6+ fxe6 43. Rg6+ Kf7 44. Bxh5 e5+ 45. Ke4 Ke7 46. f6+ Kf7
47. Rg3+ 1-0

[Event "WA Class - E Section"]
[Site "Redmond, WA"]
[Date "2008.11.28"]
[Round "1"]
[White "Tokareva, Kate"]
[Black "Mayer, Jennie"]
[Result "0-1"]
[WhiteElo "1416"]
[BlackElo "839"]
[PlyCount "86"]
[EventDate "2008.11.30"]
[EventCountry "USA"]
[Source "Bulletin"]
[SourceDate "2009.02.10"]

1. e4 e5 2. Nf3 Nc6 3. Bb5 Nf6 4. d3 Bd6 5. O-O O-O 6. c3 b6 7. Re1 Bb7 8. Nbd2
a6 9. Ba4 Qe7 10. Bb3 Bc5 11. Nf1 b5 12. Ng3 d6 13. Bc2 a5 14. d4 Ba7 15. Qd3
Ba6 16. Qd2 h6 17. Nf5 Qd7 18. Qd1 Rfe8 19. dxe5 dxe5 20. Qxd7 Nxd7 21. Bb3 Bb7
22. a4 b4 23. cxb4 Nxb4 24. Ng3 Nc5 25. Bd1 Nbd3 26. Rf1 Nxe4 27. Nxe4 Bxe4 28.
Be2 Rad8 29. Bxd3 Rxd3 30. Nd2 Bb7 31. Re1 f6 32. Nc4 Red8 33. h3 Rd1 34. Kf1
Bxg2+ 35. Ke2 Rxe1+ 36. Kxe1 Bf3 37. Bd2 Rd4 38. Nxa5 Re4+ 39. Kf1 Re2 40. Bc3
Rxf2+ 41. Ke1 Rh2 42. Ra3 Be3 43. Bxe5 Rh1# 0-1

[Event "WA Class - E Section"]
[Site "Redmond, WA"]
[Date "2008.11.29"]
[Round "2"]
[White "Van Weerdhuizen, Dave"]
[Black "Iordanov, Stoyan"]
[Result "1/2-1/2"]
[WhiteElo "1041"]
[BlackElo "1142"]
[PlyCount "52"]
[EventDate "2008.11.30"]
[EventCountry "USA"]
[Source "Bulletin"]
[SourceDate "2009.02.10"]

1. e4 c5 2. Nf3 d6 3. Bc4 e6 4. c3 a6 5. d4 b5 6. Bd3 c4 7. Be2 Nd7 8. d5 Nc5
9. O-O Nxe4 10. dxe6 Bxe6 11. Bf4 Ngf6 12. Nbd2 d5 13. Ne5 Qc7 14. Ng6 Bd6 15.
Bxd6 Qxd6 16. Nxh8 O-O-O 17. Bf3 Nxd2 18. Qxd2 Rxh8 19. Rad1 h5 20. Qe3 Ng4 21.
Bxg4 hxg4 22. g3 Bf5 23. Qa7 Qh6 24. Qa8+ Kc7 25. Qa7+ Kc8 26. Qa8+ Kc7 1/2-1/2

[Event "WA Class - E Section"]
[Site "Redmond, WA"]
[Date "2008.11.30"]
[Round "6"]
[White "Yu, Wesley"]
[Black "Schuhmacher, Don"]
[Result "1-0"]
[WhiteElo "1057"]
[BlackElo "827"]
[PlyCount "80"]
[EventDate "2008.11.30"]
[EventCountry "USA"]
[Source "Bulletin"]
[SourceDate "2009.02.10"]

1. d4 e6 2. c4 b6 3. Nc3 Bb7 4. e4 g6 5. f4 Ne7 6. Nf3 Bg7 7. Be3 O-O 8. Qd2 f5
9. e5 Bxf3 10. gxf3 Qc8 11. Rg1 c5 12. d5 Rd8 13. d6 Nec6 14. Qg2 Nd4 15. h4
Rf8 16. Bxd4 cxd4 17. Nb5 Nc6 18. h5 Qe8 19. Nc7 Qf7 20. Nxa8 Rxa8 21. hxg6
Qxg6 22. Qxg6 hxg6 23. Rxg6 Kf7 24. Rg2 Rh8 25. O-O-O Rh4 26. b4 Bh6 27. b5
Bxf4+ 28. Kb1 Nxe5 29. Be2 Be3 30. a4 d3 31. Bxd3 Nxd3 32. Rxd3 Bc5 33. Rc3
Bxd6 34. Rd2 Bb4 35. Rxd7+ Kf6 36. Rc2 Bc5 37. Rxa7 Rh1+ 38. Rc1 Rh3 39. a5
bxa5 40. Rxa5 Bd4 {remaining moves unclear} 1-0